00505nam a2200169Ia 450000500170000000800410001708200130005810000210007124500300009226000460012230000120016865000150018065000240019594200060021995200950022599900150032020250410082721.0240331s9999 xx 000 0 und d bSENa200 aSenthilnathan, S 0aSamayamum samaya ethirpum aChennaibPuthumaipithan pathippagamc2003 a64 p ., aSamaiyamum aSamaya Ethirpaarpum cL 001040708LaWERCLbWERCLcSSCd2024-03-31l0o 200 SENp4971r2024-03-31w2024-03-31yL c3564d3564